01152cam a2200277 a 450000100090000000300060000900500170001500800410003201000160007302000220008902000250011102000210013602000240015702000150018103500370019604000610023305000220029408200190031610000270033524500410036226000360040330000200043950000810045950502960054060000380083625009558OCoLC20180830160552.0911205r19921991tnu 000 0 eng  a 91045871 a0840791585 (hard) a9780840791580 (hard) a0913367281 (pbk) a9780913367285 (pbk) a0340546107 a(OCoLC)25009558z(OCoLC)32255403 aDLCbengcDLCdXKKdBTCTAdBAKERdYDXCPdOCLCGdHNWdBDX00aBT202b.G689 199200a232220bG795W1 aGreen, Michael,d1930-10aWho is this Jesus? /cMichael Green. aNashville :bO. Nelson,cc1992. a133 p. ;c17cm. aOriginally published: Sevenoaks, Kent, England : Hodder and Stoughton, 1991.0 aWho is this Jesus? -- What was he like? -- Where did it all start? -- What did he teach? -- What did he do? -- What did he claim? -- Why did he die? -- Was death the end? -- Can we meet him? -- What about the church? Jesus : what is the secular evidence? -- Jesus : can we trust the Gospels?00aJesus ChristxPerson and offices.